| 000 | 00575nam a2200217Ia 4500 | ||
|---|---|---|---|
| 003 | OSt | ||
| 005 | 20220928144111.0 | ||
| 006 | a|||||r|||| 00| 0 | ||
| 007 | ta | ||
| 008 | 220927b |||||||| |||| 00| 0 eng d | ||
| 024 | _a24307 | ||
| 037 | _cTextual | ||
| 040 |
_aSDCL _cSDCL _beng |
||
| 041 |
_2eng _aeng |
||
| 082 | _aQ1:494, N9 | ||
| 100 |
_aKolhatkar Madhavi Bhaskar _9506956 |
||
| 245 | 0 |
_aSura _b The liquor and the vedic sacrifice. |
|
| 260 | _c1999 | ||
| 942 |
_hQ1:494, N9 _cTEXL _2CC |
||
| 999 |
_c826221 _d826221 |
||